| 000 | 01275cam a22003014a 4500 | ||
|---|---|---|---|
| 999 |
_c234671 _d234671 |
||
| 001 | 11887233 | ||
| 003 | Nust | ||
| 005 | 20170329124212.0 | ||
| 008 | 000111s2001 njua b 001 0 eng | ||
| 010 | _a 00021718 | ||
| 020 | _z978-81-8128-763-2 | ||
| 040 |
_aDLC _cASAB _dDLC |
||
| 042 | _apcc | ||
| 050 | 0 | 0 |
_aQR115 _b.F658 2001 |
| 082 | 0 | 0 |
_a664 _221 |
| 245 | 0 | 0 |
_aFood microbiology protocols / _cedited by John F.T. Spencer and Alicia L. Ragout de Spencer. |
| 260 |
_aTotowa, NJ : _bHumana Press, _cc2001. |
||
| 300 |
_axiv, 495 p. : _bill. ; _c24 cm. |
||
| 440 | 0 |
_aMethods in biotechnology ; _v14 |
|
| 504 | _aIncludes bibliographical references and index. | ||
| 650 | 0 |
_aFood _xMicrobiology. |
|
| 700 | 1 | _aSpencer, J. F. T. | |
| 700 | 1 | _aRagout de Spencer, Alicia L. | |
| 856 | 4 | 2 |
_3Publisher description _uhttp://www.loc.gov/catdir/enhancements/fy0825/00021718-d.html |
| 856 | 4 | 1 |
_3Table of contents only _uhttp://www.loc.gov/catdir/enhancements/fy0825/00021718-t.html |
| 906 |
_a7 _bcbc _corignew _d1 _eocip _f20 _gy-gencatlg |
||
| 942 |
_2ddc _cBK |
||